[Event "IND-ch 59th"]
[Site "New Delhi"]
[Date "2022.12.25"]
[Round "4"]
[White "Mitrabha, Guha"]
[Black "Vardan, Nagpal"]
[Result "1-0"]
[WhiteElo "2487"]
[BlackElo "2329"]
[PlyCount "149"]
[EventDate "2022.12.22"]
[EventType "swiss"]
[EventRounds "13"]
[EventCountry "IND"]
[SourceTitle "CBM 211 Extra"]
[Source "ChessBase"]
[SourceDate "2023.01.31"]
[SourceVersion "1"]
[SourceVersionDate "2023.01.31"]
[SourceQuality "1"]

1. c4 c5 2. Nf3 Nf6 3. Nc3 Nc6 4. g3 d5 5. cxd5 Nxd5 6. Bg2 Nc7 7. a3 g6 8. h4 Bg4 9. b4 cxb4 10. axb4 Bg7 11. Qa4 a6 12. Bb2 0-0 13. Rc1 Nd5 14. Nxd5 Bxb2 15. Rc5 Bg7 16. Ne3 Bd7 17. 0-0 Nd4 18. Qd1 e6 19. Nxd4 Bxd4 20. Rc1 Bxe3 21. dxe3 Rb8 22. Bf3 Bb5 23. Qb3 Qe7 24. h5 Rfc8 25. Qb2 b6 26. Kg2 Qf8 27. Qd4 Rd8 28. Qh4 Qg7 29. hxg6 hxg6 30. Rc7 Rdc8 31. Rfc1 Rxc7 32. Rxc7 g5 33. Qe4 Qf6 34. Bh5 Be8 35. Ra7 e5 36. Qf3 Qxf3+ 37. exf3 a5 38. bxa5 bxa5 39. Rxa5 Rb5 40. Ra8 Kf8 41. Bg4 Ke7 42. Bf5 Rb2 43. Be4 Rd2 44. Ra5 f6 45. Bd5 Bd7 46. e4 Rc2 47. Ra1 Rc8 48. Rh1 Rf8 49. Rh7+ Kd6 50. Bf7 Be6 51. Bg6 Bc4 52. Kh3 Rb8 53. Kg4 Rb3 54. Bf5 Be2 55. Kh5 Rxf3 56. Kg6 Bd3 57. g4 Kc5 58. Kxf6 Bxe4 59. Kxe5 Bc6 60. Rh2 Bd5 61. Kf6 Be4 62. Kxg5 Bxf5 63. gxf5 Kd5 64. Rh1 Rxf2 65. Rd1+ Ke5 66. Re1+ Kd6 67. f6 Rg2+ 68. Kf5 Rf2+ 69. Kg6 Rg2+ 70. Kf7 Rf2 71. Kg7 Rg2+ 72. Kf8 Kd7 73. f7 Kd8 74. Rd1+ Kc7 75. Rd4 1-0

[Event "Abu Dhabi Masters 28th"]
[Site "Abu Dhabi"]
[Date "2022.08.23"]
[Round "7"]
[White "Sanket, Chakravarty"]
[Black "Vardan, Nagpal"]
[Result "1/2-1/2"]
[WhiteElo "2275"]
[BlackElo "2346"]
[PlyCount "154"]
[EventDate "2022.08.17"]
[EventType "swiss"]
[EventRounds "9"]
[EventCountry "UAE"]
[SourceTitle "CBM 209 Extra"]
[Source "ChessBase"]
[SourceDate "2022.09.30"]
[SourceVersion "1"]
[SourceVersionDate "2022.09.30"]
[SourceQuality "1"]

1. c4 b6 2. Nf3 Bb7 3. d4 e6 4. a3 Nf6 5. Nc3 d5 6. Bf4 Bd6 7. Bxd6 cxd6 8. cxd5 Nxd5 9. e3 0-0 10. Bd3 Nxc3 11. bxc3 Nd7 12. 0-0 Qc7 13. Rc1 Nf6 14. Nd2 e5 15. c4 Rfe8 16. Bb1 g6 17. f4 exd4 18. exd4 Re3 19. f5 Qe7 20. d5 Rxa3 21. Nf3 Re8 22. Re1 Re3 23. Qd4 Nd7 24. Qf4 Kg7 25. h4 Rxe1+ 26. Rxe1 Ne5 27. Ng5 Bc8 28. Rf1 f6 29. Ne6+ Bxe6 30. fxe6 h5 31. Bc2 Rc8 32. Bb3 Rc7 33. Kh1 Rc8 34. Kg1 Rc5 35. Ra1 b5 36. cxb5 Rxb5 37. Qe3 Rb7 38. Ba4 Rc7 39. Rb1 f5 40. Qg5 Nd3 41. Rb8 Nc5 42. Bd7 Rxd7 43. exd7 Qe1+ 44. Kh2 Nxd7 45. Qd8 Qe5+ 46. Kh3 Nxb8 47. Qc7+ Kf6 48. Qxb8 Qe7 49. Qh8+ Qg7 50. Qe8 Qf7 51. Qh8+ Ke7 52. Qa8 a6 53. Qa7+ Kf8 54. Qb8+ Kg7 55. Qxd6 a5 56. Qe5+ Kh7 57. d6 Qb3+ 58. Kh2 Qa4 59. Qe7+ Kh6 60. d7 Qf4+ 61. Kg1 Qd4+ 62. Kf1 Qd1+ 63. Kf2 Qd2+ 64. Kf3 Qd1+ 65. Kf4 Qd4+ 66. Kg3 Qg4+ 67. Kh2 Qf4+ 68. Kg1 Qc1+ 69. Kf2 Qd2+ 70. Kg3 Qc3+ 71. Kh2 Qc7+ 72. Kh3 Qc3+ 73. g3 Qf3 74. Qg5+ Kh7 75. Qe7+ Kh6 76. Qf8+ Kh7 77. Qf7+ Kh6 1/2-1/2

[Event "Abu Dhabi Masters 28th"]
[Site "Abu Dhabi"]
[Date "2022.08.18"]
[Round "2"]
[White "Vardan, Nagpal"]
[Black "Chitlange, Sakshi"]
[Result "0-1"]
[WhiteElo "2346"]
[BlackElo "2263"]
[PlyCount "74"]
[EventDate "2022.08.17"]
[EventType "swiss"]
[EventRounds "9"]
[EventCountry "UAE"]
[SourceTitle "CBM 209 Extra"]
[Source "ChessBase"]
[SourceDate "2022.09.30"]
[SourceVersion "1"]
[SourceVersionDate "2022.09.30"]
[SourceQuality "1"]

1. d4 Nf6 2. c4 e6 3. Nf3 d5 4. Nc3 Bb4 5. cxd5 exd5 6. Bg5 h6 7. Bh4 0-0 8. e3 Bf5 9. Qb3 Bxc3+ 10. bxc3 Nbd7 11. Be2 c5 12. dxc5 Nxc5 13. Qb4 Rc8 14. 0-0 Nce4 15. Rac1 Qc7 16. c4 Ng4 17. Qb2 dxc4 18. Bxc4 Qb8 19. h3 Ngf6 20. Ne5 Rce8 21. f4 Nd7 22. Nf3 Nd6 23. Qa3 b5 24. Bd5 Nb6 25. Rfd1 Ndc4 26. Bxc4 Nxc4 27. Rxc4 bxc4 28. Be7 Rxe7 29. Qxe7 c3 30. Nd4 c2 31. Rc1 Qb2 32. Ne2 Bd3 33. Qc5 Qxa2 34. Kf2 Qb1 35. Qa3 Bxe2 36. Kxe2 Rd8 37. h4 Qb7 0-1

[Event "Paris-ch IdF"]
[Site "Paris"]
[Date "2022.07.16"]
[Round "7"]
[White "Belenkaya, Dina"]
[Black "Vardan, Nagpal"]
[Result "1/2-1/2"]
[WhiteElo "2256"]
[BlackElo "2352"]
[PlyCount "147"]
[EventDate "2022.07.12"]
[EventType "swiss"]
[EventRounds "9"]
[EventCountry "FRA"]
[SourceTitle "CBM 209 Extra"]
[Source "ChessBase"]
[SourceDate "2022.09.30"]
[SourceVersion "1"]
[SourceVersionDate "2022.09.30"]
[SourceQuality "1"]

1. e4 c5 2. Nf3 e6 3. d4 cxd4 4. Nxd4 Nf6 5. Nc3 Nc6 6. Be2 Bb4 7. Nxc6 bxc6 8. 0-0 d5 9. e5 Nd7 10. f4 Ba6 11. Be3 Bxe2 12. Nxe2 g6 13. Rf3 Qc7 14. Bf2 Bc5 15. Nd4 Rb8 16. b3 0-0 17. c3 Rfe8 18. Rg3 Bf8 19. h4 Nc5 20. h5 Ne4 21. Rh3 c5 22. Nc2 a5 23. Bh4 c4 24. hxg6 fxg6 25. Nd4 cxb3 26. axb3 Nxc3 27. Rc1 Bb4 28. Qd3 Rbc8 29. Be1 Ne2+ 30. Nxe2 Qxc1 31. Nxc1 Rxc1 32. Kh2 Rxe1 33. f5 exf5 34. Qxd5+ Kg7 35. Rxh7+ Kxh7 36. Qf7+ Kh6 37. Qxe8 Kg5 38. g3 Re3 39. Qd8+ Kg4 40. Qd1+ Kg5 41. Qd8+ Kg4 42. Qh4+ Kf3 43. Qf4+ Ke2 44. Qc4+ Kd2 45. Qd4+ Rd3 46. Qf4+ Ke2 47. e6 Re3 48. Kg2 Re4 49. Qc7 Kd2 50. Qc6 Kd3 51. Kf3 Kd2 52. Qc8 Re3+ 53. Kf2 Re2+ 54. Kf1 Re1+ 55. Kg2 Re2+ 56. Kh3 Re3 57. Kh2 Re2+ 58. Kg1 Re1+ 59. Kg2 Re2+ 60. Kf3 Re3+ 61. Kf4 Re4+ 62. Kg5 Rg4+ 63. Kf6 Rxg3 64. Qc4 Rg4 65. Qc6 Rg3 66. Qc8 f4 67. Qd7+ Ke2 68. e7 Bxe7+ 69. Qxe7+ Re3 70. Qc7 f3 71. Qc2+ Ke1 72. Qc1+ Ke2 73. Qc2+ Ke1 74. Qc1+ 1/2-1/2

[Event "Paris-ch IdF"]
[Site "Paris"]
[Date "2022.07.15"]
[Round "5"]
[White "Mouhamad, Joachin"]
[Black "Vardan, Nagpal"]
[Result "0-1"]
[WhiteElo "2247"]
[BlackElo "2352"]
[PlyCount "94"]
[EventDate "2022.07.12"]
[EventType "swiss"]
[EventRounds "9"]
[EventCountry "FRA"]
[SourceTitle "CBM 209 Extra"]
[Source "ChessBase"]
[SourceDate "2022.09.30"]
[SourceVersion "1"]
[SourceVersionDate "2022.09.30"]
[SourceQuality "1"]

1. e4 e5 2. Nf3 Nf6 3. d4 Nxe4 4. Bd3 d5 5. Nxe5 Nd7 6. Nc3 Nxc3 7. bxc3 Bd6 8. 0-0 0-0 9. Re1 c5 10. Bf4 c4 11. Bf5 Nxe5 12. dxe5 Bc5 13. Bxc8 Rxc8 14. Be3 Bxe3 15. Rxe3 Rc5 16. f4 Re8 17. Rb1 Qd7 18. Qh5 g6 19. Qh6 f5 20. h4 b6 21. Rbe1 Qg7 22. Qg5 Re6 23. h5 Qe7 24. Qg3 Ra5 25. Qf3 Kf8 26. Rd1 Qc5 27. Kh2 Qc6 28. Re2 Re7 29. Red2 Rd7 30. g4 Qe6 31. g5 Ke8 32. Kg3 Kd8 33. hxg6 hxg6 34. Qh1 Kc7 35. a4 Qc6 36. Qh8 Rxa4 37. Qf6 Qc5 38. Rd4 Ra3 39. Qxg6 Rxc3+ 40. Kh4 Rxc2 41. e6 Qa3 42. Rxc4+ Rxc4 43. Qxf5 Qe3 44. Kg4 Qe2+ 45. Kh4 Qxd1 46. exd7 Qe1+ 47. Kg4 Qe7 0-1

[Event "Novi Sad Serbia op-A"]
[Site "Novi Sad"]
[Date "2022.07.02"]
[Round "5"]
[White "Vardan, Nagpal"]
[Black "Stremavicius, Titas"]
[Result "0-1"]
[WhiteElo "2352"]
[BlackElo "2532"]
[PlyCount "84"]
[EventDate "2022.06.28"]
[EventType "swiss"]
[EventRounds "9"]
[EventCountry "SRB"]
[SourceTitle "EXT 2023"]
[Source "ChessBase"]
[SourceDate "2022.10.05"]
[SourceVersion "1"]
[SourceVersionDate "2022.10.05"]
[SourceQuality "1"]

1. d4 d5 2. Nf3 Nf6 3. Bf4 c5 4. e3 Nc6 5. Nbd2 Nh5 6. dxc5 Nxf4 7. exf4 g6 8. c3 Bg7 9. Nb3 0-0 10. Bb5 a5 11. a4 Qc7 12. g3 Bh3 13. Bf1 Bg4 14. Be2 b6 15. cxb6 Qxb6 16. 0-0 Rab8 17. Nfd2 Bh3 18. Re1 d4 19. Rc1 Be6 20. Bb5 dxc3 21. bxc3 Na7 22. c4 Nxb5 23. cxb5 Rbc8 24. Qe2 Bc3 25. Red1 Rfd8 26. Ne4 Bb4 27. Rxd8+ Qxd8 28. Rxc8 Qxc8 29. Nd4 Bd5 30. f3 Qc1+ 31. Qf1 Qe3+ 32. Qf2 Qa3 33. Kg2 Qxa4 34. Qe2 Qa1 35. Nc6 Qc1 36. Nxb4 axb4 37. Nd2 Qc2 38. Kf2 b3 39. Ke1 b2 40. Qd1 Qc1 41. Ke2 b1Q 42. Nxb1 Bxf3+ 0-1

[Event "Novi Sad Serbia op-A"]
[Site "Novi Sad"]
[Date "2022.06.30"]
[Round "3"]
[White "Arjun, Kalyan"]
[Black "Vardan, Nagpal"]
[Result "1-0"]
[WhiteElo "2499"]
[BlackElo "2352"]
[PlyCount "79"]
[EventDate "2022.06.28"]
[EventType "swiss"]
[EventRounds "9"]
[EventCountry "SRB"]
[SourceTitle "EXT 2023"]
[Source "ChessBase"]
[SourceDate "2022.10.05"]
[SourceVersion "1"]
[SourceVersionDate "2022.10.05"]
[SourceQuality "1"]

1. e4 e5 2. Nf3 Nf6 3. Nxe5 d6 4. Nf3 Nxe4 5. Nc3 Nxc3 6. dxc3 Be7 7. Bf4 0-0 8. Qd2 Nd7 9. 0-0-0 Nc5 10. h4 Re8 11. Ng5 h6 12. Bc4 Ne6 13. Bxe6 Bxe6 14. Qd3 hxg5 15. hxg5 f5 16. Qg3 Kf8 17. Rh8+ Bg8 18. Qd3 Bxg5 19. Qxf5+ Bf6 20. Qd5 Ke7 21. Qxb7 Qd7 22. g4 Rab8 23. Qxa7 Ra8 24. Qb7 Rxa2 25. Re1+ Be5 26. Re3 Ra1+ 27. Kd2 Be6 28. Bg5+ Kf7 29. Rf3+ Bf6 30. Rxf6+ gxf6 31. Rh7+ Kg8 32. Rxd7 Bxd7 33. Bxf6 Bxg4 34. c4 Rd1+ 35. Kc3 Kf7 36. Bh4 Re2 37. Qxc7+ Kg6 38. Qd8 Be6 39. Qg5+ Kh7 40. Qh5+ 1-0

[Event "Budapest Vezerkepzo GM 06"]
[Site "Budapest"]
[Date "2022.06.23"]
[Round "8"]
[White "Czebe, Attila"]
[Black "Vardan, Nagpal"]
[Result "1/2-1/2"]
[WhiteElo "2368"]
[BlackElo "2357"]
[PlyCount "139"]
[EventDate "2022.06.16"]
[EventType "tourn"]
[EventRounds "9"]
[EventCountry "HUN"]
[EventCategory "6"]
[SourceTitle "CBM 209 Extra"]
[Source "ChessBase"]
[SourceDate "2022.09.30"]
[SourceVersion "1"]
[SourceVersionDate "2022.09.30"]
[SourceQuality "1"]

1. Nf3 Nf6 2. g3 c5 3. Bg2 Nc6 4. d4 cxd4 5. Nxd4 e5 6. Nxc6 dxc6 7. Qxd8+ Kxd8 8. b3 Be6 9. Bb2 Nd7 10. Nd2 Kc7 11. 0-0-0 f6 12. e4 a5 13. Rhe1 a4 14. Nf1 Ra7 15. Ne3 Bc5 16. f4 Rha8 17. f5 Bf7 18. g4 axb3 19. axb3 Ba3 20. Bxa3 Rxa3 21. Rd3 Nc5 22. Rc3 b6 23. Bf3 Ra1+ 24. Kd2 Rd8+ 25. Ke2 Rxe1+ 26. Kxe1 Rd4 27. Kf2 Nxe4+ 28. Bxe4 Rxe4 29. Rd3 b5 30. Rd1 Rd4 31. Ke2 Rxd1 32. Nxd1 b4 33. Nf2 c5 34. Ke3 Kc6 35. Ne4 Kd5 36. h4 c4 37. bxc4+ Kxc4 38. Nd6+ Kc3 39. Nxf7 Kxc2 40. Nd6 b3 41. Nc4 b2 42. Na3+ Kc1 43. g5 h5 44. gxh6 gxh6 45. h5 b1Q 46. Nxb1 Kxb1 47. Ke4 Kc2 48. Kd5 Kd3 49. Ke6 e4 50. Kxf6 e3 51. Kg7 e2 52. f6 e1Q 53. f7 Qe7 54. Kg8 Qg5+ 55. Kh7 Qf5+ 56. Kg7 Qe5+ 57. Kh7 Qf5+ 58. Kg7 Qxh5 59. f8Q Qg5+ 60. Kh7 h5 61. Qf1+ Kd4 62. Qa1+ Ke4 63. Qb1+ Kf4 64. Qb2 Kf5 65. Qb1+ Ke6 66. Qb6+ Kf7 67. Qb7+ Qe7 68. Qf3+ Ke6+ 69. Kh6 h4 70. Kh5 1/2-1/2

[Event "Budapest Vezerkepzo GM 06"]
[Site "Budapest"]
[Date "2022.06.20"]
[Round "5"]
[White "Plat, Vojtech"]
[Black "Vardan, Nagpal"]
[Result "1/2-1/2"]
[WhiteElo "2555"]
[BlackElo "2357"]
[PlyCount "72"]
[EventDate "2022.06.16"]
[EventType "tourn"]
[EventRounds "9"]
[EventCountry "HUN"]
[EventCategory "6"]
[SourceTitle "CBM 209 Extra"]
[Source "ChessBase"]
[SourceDate "2022.09.30"]
[SourceVersion "1"]
[SourceVersionDate "2022.09.30"]
[SourceQuality "1"]

1. e4 e5 2. Nf3 Nf6 3. Nxe5 d6 4. Nf3 Nxe4 5. Qe2 Qe7 6. d3 Nf6 7. Bg5 Qxe2+ 8. Bxe2 Be7 9. Nc3 Nc6 10. d4 h6 11. Bxf6 Bxf6 12. 0-0-0 a6 13. Rhe1 0-0 14. h3 Bd7 15. Nd5 Bd8 16. Bd3 Re8 17. c3 Rxe1 18. Rxe1 Kf8 19. Kc2 Ne7 20. Ne3 c6 21. g4 Bc7 22. h4 Re8 23. Rg1 g6 24. h5 g5 25. Re1 Be6 26. Nf5 Nxf5 27. gxf5 Bd7 28. Rg1 d5 29. Ne1 Ke7 30. Ng2 Bf4 31. Nxf4 gxf4 32. Rg4 Kf6 33. Kd2 f3 34. Rg3 a5 35. a3 Bc8 36. Rg4 Bd7 1/2-1/2

[Event "Budapest Vezerkepzo GM 06"]
[Site "Budapest"]
[Date "2022.06.19"]
[Round "4"]
[White "Vardan, Nagpal"]
[Black "Aveskulov, Valeriy"]
[Result "1/2-1/2"]
[WhiteElo "2357"]
[BlackElo "2534"]
[PlyCount "133"]
[EventDate "2022.06.16"]
[EventType "tourn"]
[EventRounds "9"]
[EventCountry "HUN"]
[EventCategory "6"]
[SourceTitle "CBM 209 Extra"]
[Source "ChessBase"]
[SourceDate "2022.09.30"]
[SourceVersion "1"]
[SourceVersionDate "2022.09.30"]
[SourceQuality "1"]

1. d4 f5 2. c4 Nf6 3. Nc3 g6 4. h4 Bg7 5. Bg5 d6 6. Nf3 c6 7. Qc2 Na6 8. a3 Qa5 9. Bd2 Qd8 10. e3 0-0 11. Bd3 e5 12. dxe5 dxe5 13. Nxe5 Re8 14. f4 Nc5 15. Be2 Nfe4 16. Nxe4 Nxe4 17. Bc3 Bf6 18. 0-0 Nxc3 19. Qxc3 Bxe5 20. fxe5 Qxh4 21. Rad1 Be6 22. Rd6 Re7 23. Rfd1 Rae8 24. Qd4 Qg5 25. Qxa7 Bc8 26. Rd8 Rxe5 27. Rxe8+ Rxe8 28. Rd3 f4 29. exf4 Qxf4 30. Bf1 Bf5 31. Rf3 Qc7 32. Qf2 Qe5 33. b4 Kg7 34. Qd2 Re7 35. Qf2 h5 36. c5 Re8 37. Rf4 Rd8 38. Rf3 Re8 39. Rf4 Re7 40. Rd4 Qe3 41. Qxe3 Rxe3 42. a4 Rc3 43. Rd8 Rb3 44. b5 cxb5 45. axb5 Rc3 46. Rb8 Be4 47. Re8 Bd5 48. Rc8 Rc2 49. c6 bxc6 50. bxc6 Bxc6 51. Rd8 Rb2 52. Rd6 Bb7 53. Re6 h4 54. Re5 Rb1 55. Kf2 Kf6 56. Re1 Rb2+ 57. Re2 Rb4 58. Rc2 Rf4+ 59. Kg1 g5 60. Rf2 Ke5 61. Rxf4 Kxf4 62. Kf2 g4 63. g3+ hxg3+ 64. Kg1 g2 65. Bb5 Kg3 66. Be8 Ba8 67. Ba4 1/2-1/2

[Event "Reykjavik Kvika op"]
[Site "Reykjavik"]
[Date "2022.04.08"]
[Round "4"]
[White "Vardan, Nagpal"]
[Black "Schmidt, Kai Uwe"]
[Result "1-0"]
[WhiteElo "2372"]
[BlackElo "1904"]
[PlyCount "45"]
[EventDate "2022.04.06"]
[EventType "swiss"]
[EventRounds "9"]
[EventCountry "ISL"]
[SourceTitle "CBM 207 Extra"]
[Source "ChessBase"]
[SourceDate "2022.05.31"]
[SourceVersion "1"]
[SourceVersionDate "2022.05.31"]
[SourceQuality "1"]

1. d4 Nf6 2. c4 g6 3. Nc3 Bg7 4. e4 0-0 5. Nge2 d6 6. f3 a6 7. Be3 Nbd7 8. Qd2 b5 9. cxb5 axb5 10. Nxb5 c6 11. Na3 e5 12. Nc3 d5 13. exd5 Nxd5 14. Nxd5 cxd5 15. Nc2 Re8 16. Kf2 Qh4+ 17. g3 Qf6 18. Be2 Ba6 19. Rhe1 Rec8 20. Bxa6 Rxa6 21. Nb4 exd4 22. Bg5 Qd6 23. Bf4 1-0

[Event "Reykjavik Kvika op"]
[Site "Reykjavik"]
[Date "2022.04.07"]
[Round "2"]
[White "Bosboom, Ardin"]
[Black "Vardan, Nagpal"]
[Result "1-0"]
[WhiteElo "2078"]
[BlackElo "2372"]
[PlyCount "105"]
[EventDate "2022.04.06"]
[EventType "swiss"]
[EventRounds "9"]
[EventCountry "ISL"]
[SourceTitle "CBM 207 Extra"]
[Source "ChessBase"]
[SourceDate "2022.05.31"]
[SourceVersion "1"]
[SourceVersionDate "2022.05.31"]
[SourceQuality "1"]

1. d4 d5 2. c4 e6 3. Nc3 c6 4. e4 dxe4 5. Nxe4 Bb4+ 6. Bd2 Qxd4 7. Bxb4 Qxe4+ 8. Ne2 Na6 9. Bf8 Qe5 10. Qd2 Bd7 11. Bd6 Qe4 12. 0-0-0 Nf6 13. Ng3 Qh4 14. Qe3 Ng4 15. Qd4 e5 16. Bxe5 0-0-0 17. h3 c5 18. hxg4 Qxh1 19. Qxd7+ Rxd7 20. Nxh1 Rxd1+ 21. Kxd1 Rd8+ 22. Kc1 f6 23. Bc3 Nc7 24. Ng3 Ne6 25. Kc2 Kd7 26. Bd3 h6 27. Nh5 Ke7 28. g3 Kf7 29. Be4 Rd7 30. Bd5 Ke7 31. b4 Kd6 32. Bxe6 Kxe6 33. bxc5 Kf7 34. Nf4 Rc7 35. Bd4 Re7 36. Kd2 Re4 37. Kc3 Re1 38. c6 bxc6 39. Bxa7 Re5 40. Kb4 g5 41. Nd3 Re7 42. Bb6 Rd7 43. a4 Rxd3 44. a5 c5+ 45. Kxc5 Ke6 46. Kc6 Rd6+ 47. Kb7 Rd7+ 48. Bc7 Rd4 49. c5 Kd5 50. a6 Rxg4 51. a7 Ra4 52. Bb6 h5 53. c6 1-0

[Event "Novi Sad TS Mix 242nd"]
[Site "Novi Sad"]
[Date "2022.02.26"]
[Round "8"]
[White "Vardan, Nagpal"]
[Black "Gorshtein, Ido"]
[Result "0-1"]
[WhiteElo "2378"]
[BlackElo "2456"]
[PlyCount "92"]
[EventDate "2022.02.22"]
[EventType "swiss"]
[EventRounds "9"]
[EventCountry "SRB"]
[SourceTitle "CBM 207 Extra"]
[Source "ChessBase"]
[SourceDate "2022.05.31"]
[SourceVersion "1"]
[SourceVersionDate "2022.05.31"]
[SourceQuality "1"]

1. d4 f5 2. g3 Nf6 3. Bg2 g6 4. Nf3 Bg7 5. 0-0 0-0 6. b3 a5 7. c4 c6 8. Nc3 Na6 9. Bb2 Rb8 10. Rc1 b5 11. cxb5 cxb5 12. Ne5 Nc7 13. e3 Bb7 14. Bxb7 Rxb7 15. Qe2 Qe8 16. Rc2 d6 17. Nd3 b4 18. Na4 Ncd5 19. Nf4 Nxf4 20. exf4 Qb5 21. Qe6+ Kh8 22. Rfc1 Qd5 23. Qe2 h6 24. Rc6 Rfb8 25. Ra6 Kh7 26. Rc2 g5 27. fxg5 hxg5 28. Qc4 Rb5 29. Qe2 R8b7 30. Ra8 g4 31. Qc4 Kg6 32. Qxd5 Nxd5 33. Kg2 Bf6 34. h3 Rb8 35. Rxb8 Rxb8 36. hxg4 fxg4 37. Kf1 Kf5 38. Ke2 Ke4 39. Rc4 Rh8 40. a3 Rh1 41. axb4 axb4 42. Bc1 Bxd4 43. Bd2 Rb1 44. Bxb4 Rxb3 45. Bd2 Rf3 46. Be1 Ra3 0-1